| 000 | 01340nam2a22002651 4500 | ||
|---|---|---|---|
| 001 | rc\219249 | ||
| 005 | 20250612172557.0 | ||
| 035 | _a(NLR Aleph) 008751971 | ||
| 090 |
_a7812898 _c7812898 |
||
| 100 | _a20030307d1991 |||y0rusy50 ca | ||
| 101 | 0 | _arus | |
| 102 | _aRU | ||
| 105 | _aa ||||||||| | ||
| 200 | 1 | _aЦветное телевидение | |
| 210 |
_d1991 _aБ. м. |
||
| 215 |
_a69 с. _cил. |
||
| 320 | _aБиблиогр.: с. 61 | ||
| 461 | 0 |
_1001rc\219248 _12001#$aСовременные методы формирования телевизионных изображений$eКонспект лекций$fМ-во связи СССР. Моск. ин-т связи$vЧ. 2 _1700#1$aНоваковский$bС.В.$gСергей Васильевич _99528187 _aНоваковский, С.В. _cМ. _d1991 _fМ-во связи СССР. Моск. ин-т связи _nМИС _oКонспект лекций _tСовременные методы формирования телевизионных изображений _vЧ. 2 |
|
| 606 | 1 |
_aЦветное телевидение _jРуководства, пособия и т.п. для высшей школы _2nlr_sh1 |
|
| 801 | 0 |
_aRU _bNLR _gpsbo |
|
| 801 | 1 |
_aRU _bELAR _2rusmarc |
|
| 801 | 2 |
_aRU _bNLR _c20050505 _2rusmarc |
|
| 852 |
_aNLR _j90-3/12900 |
||
| 942 | _cBOOK | ||
| 980 | _aNB | ||